00441nam a2200169Ia 4500003000400000008004100004040001600045082001600061100002200077245006400099700001700163700002000180700001900200260002900219300001000248650001300258GCL140319s9999 xx 000 0 eng d aGCL / cGCL04a372.35bD K1 aHOLZBERG, CAROLS.10aKIDS & COMPUTERS: A PARENT'S HANDBOOK / cHOLZBERG, CAROLS.1 aDERRICK, DAN1 aMILONE, MICHAEL1 aSALPETER, JUDY a[S.N] : bSAMS ، c1992 a291 P04aCHILDREN